000 00320 a2200157 4500
001 156613
020 _a9781107681460
040 _cEscola São Tomás de Aquino
100 _aWALKER, Theo
240 1 0 _aSugar
_lpor
245 1 0 _aSugar
300 _a28
362 0 _a2014
697 _aLíngua inglesa
942 _cBK
999 _c156613
_d156613